|
|
|
|
| LEADER |
00727cam a2200241 7i4500 |
| 001 |
0000016202 |
| 005 |
20220119090000.0 |
| 020 |
0 |
0 |
|a 0-9546222-3-5
|
| 090 |
0 |
0 |
|a ASEA 338.7
|b DOI
|
| 245 |
0 |
0 |
|a Doing business in ASEAN :
|b Malaysia,Singapore,Thailand,Philippines,Indonesia,Vietnam.
|
| 250 |
0 |
0 |
|a 2nd ed..
|
| 260 |
0 |
0 |
|a London:
|b Eurosource Internationalc2005.
|
| 300 |
# |
# |
|a 214 p.
|
| 650 |
0 |
0 |
|a Business --
|z ASEAN countries
|
| 651 |
0 |
0 |
|a Thailand
|
| 651 |
0 |
0 |
|a Philippines
|
| 651 |
0 |
0 |
|a Singapore
|
| 651 |
0 |
0 |
|a Indonesia
|
| 651 |
0 |
0 |
|a Malaysia
|
| 651 |
0 |
0 |
|a ASEAN
|
| 651 |
0 |
0 |
|a Vietnam
|
| 999 |
|
|
|a PNG000324B
|b Book
|c Regions
|e MATRADE Northern Regional Office
|
| 999 |
|
|
|a B000017582
|b Book
|c Regions
|e Business Information Centre
|